LEADER 02053nam 2200505I 450 001 9910703767603321 005 20150604160318.0 035 $a(CKB)5470000002434044 035 $a(OCoLC)910681109 035 $a(EXLCZ)995470000002434044 100 $a20150604j201501 ua 0 101 0 $aeng 135 $aurcn||||||||| 181 $ctxt$2rdacontent 182 $cc$2rdamedia 183 $acr$2rdacarrier 200 10$aVerification and validation of a three-dimensional generalized composite material model /$fCanio Hoffarth [and six others] 210 1$aCleveland, Ohio :$cNational Aeronautics and Space Administration, Glenn Research Center,$dJanuary 2015. 215 $a1 online resource (18 pages) $ccolor illustrations 225 1 $aNASA/TM ;$v2015-218446 300 $aTitle from title screen (viewed on June 4, 2015). 300 $a"January 2015." 300 $a"Prepared for the 13th US and International LS-DYNA Users Conference sponsored by the Livermore Software Technology Corporation, Dearborn, Michigan, June 8-10, 2014." 320 $aIncludes bibliographical references (pages 17-18). 517 3 $aDevelopment and testing of an In-Situ Resource Utilization soil mechanics vacuum test facility 606 $aStress-strain relationships$2nasat 606 $aComposite materials$2nasat 606 $aThree dimensional composites$2nasat 606 $aElastoplasticity$2nasat 606 $aFiber composites$2nasat 615 7$aStress-strain relationships. 615 7$aComposite materials. 615 7$aThree dimensional composites. 615 7$aElastoplasticity. 615 7$aFiber composites. 700 $aHoffarth$b Canio$01411222 702 $aWilkinson$b R. Allen 712 02$aNASA Glenn Research Center, 712 02$aUnited States.$bFederal Aviation Administration, 801 0$bGPO 801 1$bGPO 906 $aBOOK 912 $a9910703767603321 996 $aVerification and validation of a three-dimensional generalized composite material model$93501816 997 $aUNINA LEADER 02098nam 2200481z- 450 001 9910557607503321 005 20211118 035 $a(CKB)5400000000045327 035 $a(oapen)https://directory.doabooks.org/handle/20.500.12854/73259 035 $a(oapen)doab73259 035 $a(EXLCZ)995400000000045327 100 $a20202111d2019 |y 0 101 0 $aeng 135 $aurmn|---annan 181 $ctxt$2rdacontent 182 $cc$2rdamedia 183 $acr$2rdacarrier 200 00$aStratification in the Cores of Earth and Other Planets 210 $cFrontiers Media SA$d2019 215 $a1 online resource (123 p.) 311 08$a2-88963-104-4 330 $aThis eBook is a collection of articles from a Frontiers Research Topic. Frontiers Research Topics are very popular trademarks of the Frontiers Journals Series: they are collections of at least ten articles, all centered on a particular subject. With their unique mix of varied contributions from Original Research to Review Articles, Frontiers Research Topics unify the most influential researchers, the latest key findings and historical advances in a hot research area! Find out more on how to host your own Frontiers Research Topic or contribute to one as an author by contacting the Frontiers Editorial Office: frontiersin.org/about/contact 606 $aPhysical geography and topography$2bicssc 606 $aScience: general issues$2bicssc 610 $aConvection 610 $aCore 610 $amagnetic field 610 $aPlanets 610 $astratification 615 7$aPhysical geography and topography 615 7$aScience: general issues 700 $aAmit$b Hagay$4edt$01292439 702 $aDeguen$b Renaud$4edt 702 $aDriscoll$b Peter$4edt 702 $aNakagawa$b Takashi$4edt 702 $aAmit$b Hagay$4oth 702 $aDeguen$b Renaud$4oth 702 $aDriscoll$b Peter$4oth 702 $aNakagawa$b Takashi$4oth 906 $aBOOK 912 $a9910557607503321 996 $aStratification in the Cores of Earth and Other Planets$93022309 997 $aUNINA